Normal view
MARC view
- García Márquez, Gabriel,
Entry Nombre Personal
001 - NUMERO DE CONTROL
- campo de control: 15304
003 - IDENTIFICADOR DE NUMERO DE CONTROL
- campo de control: UPN
005 - FECHA Y HORA DE LA ÜLTIMA TRANSACCIÓN
- campo de control: 20220908193857.0
008 - DATOS DE LONGITUD FIJA
- campo de control de longitud fija: 220908nn fcannbaba a aaa |d
035 ## - NUMERO DE CONTROL
- Número de control: UPN10000015312
040 ## - FUENTE DE CATALOGACIÓN
- Lenguaje de catalogación: spa
- Agencia original de catalogación: MX-MxUPN
053 #4 - NÚMERO DE CLASIFICACIÓN LC
- Número de clasificación elemento-número único o número inicial de tramo: PQ8180.17 A7.3
100 1# - ENCABEZAMIENTO - NOMBRE PERSONAL
- Nombre personal: García Márquez, Gabriel,
- Fechas asociadas con el nombre: 1928-2014 -
- Subdivisión temática general : Crítica e interpretación
670 ## - FUENTE EN LA QUE SE LOCALIZARON DATOS
- Cita de la fuente: LC
- Información localizada: García Márquez, Gabriel, 1928-2014-Criticism and interpretation
902 ## - CATALOGADOR
- Catalogador: BEC/031097
